| 000 | 00721nam a22001337a 4500 | ||
|---|---|---|---|
| 008 | 160216b xxu||||| |||| 00| 0 eng d | ||
| 020 | _a9789698535292 | ||
| 082 |
_a325.6 _bSHA-C 2015 |
||
| 245 |
_aColonialism English & Punjabi _cDr. Safdar Ali Shah |
||
| 260 |
_aIslamabad: _b National University of science and echnology; _cc2015 |
||
| 300 |
_axx, 349p: _c23cm. |
||
| 650 |
_2LinkPanjabi literature -- English influences. LinkPanjabi language -- English influences. LinkPanjabi literature -- History and criticism. _aLinkPunjab (India) -- Civilization -- English influences. LinkPunjab (Pakistan) -- Civilization -- English influences. LinkPunjab (India) -- History. LinkPunjab (Pakistan) -- History. |
||
| 942 |
_2ddc _cBK |
||
| 999 |
_c356082 _d356082 |
||